[Event "14th Poti Open-A 2019"]
[Site "Poti"]
[Date "2019.07.17"]
[Round "6.6"]
[White "Mustafayev, Farid"]
[Black "Hayrapetyan, Hovik"]
[Result "1/2-1/2"]
[WhiteElo "2289"]
[BlackElo "2465"]
[Annotator "TA"]
[PlyCount "82"]
[EventDate "2019.07.13"]
[EventType "swiss"]
[EventCountry "GEO"]
[SourceTitle "playchess.com"]
[Source "ChessBase"]
[SourceQuality "1"]

{[%evp 16,82,18,7,10,0,10,7,16,16,14,8,22,9,16,18,13,16,35,41,41,40,45,53,64,44,32,37,35,26,50,0,0,0,0,0,0,0,0,0,0,0,0,-90,-56,-44,-41,-89,-4,-16,-53,-51,0,0,0,0,0,0,0,0,0,0,0,0,0,0,0,0,0]} 1. e4 c5 2. c3 d5 3. exd5 Qxd5 4. d4 Nf6 5. Nf3 Bg4 6. Be2 e6 7. O-O Be7 8. h3 Bh5 9. Be3 cxd4 {B22: Sicilian: 2 c3} 10. Nxd4 Bxe2 11. Qxe2 a6 (11... Nc6 12. Nd2 O-O 13. N2f3 {½-½ (13) Koziak,V (2479)-Banikas,H (2568) Rome 2016}) 12. c4 Qd7 13. Nc3 O-O 14. Rfd1 Qc7 15. Rac1 Nbd7 16. c5 $146 ({Predecessor:} 16. b3) 16... Nb8 (16... Nxc5 $2 {[#]} 17. Na4 $1 $18 {[%mdl 512]}) 17. b4 Nc6 18. Nxc6 Qxc6 19. a4 Rfd8 20. Qc4 Rxd1+ 21. Rxd1 Rc8 22. Bd4 Rd8 23. Bxf6 Rxd1+ 24. Nxd1 gxf6 25. a5 f5 26. Nc3 Bf6 27. b5 axb5 28. Qxb5 Qc7 ({Wrong is} 28... Bxc3 $2 29. Qxc6 bxc6 30. a6 $18) 29. Na4 (29. Ne2 $11 {remains equal.}) 29... Bd4 30. Qc4 Qf4 31. Qc2 Kf8 {[#]} (31... Be5 $17 {next ...Qb4 is good for Black.} 32. g3 Qb4) 32. a6 $1 $11 {[%mdl 512]} bxa6 33. c6 {And now c7 would win.} Bxf2+ ({Black should try} 33... Qe5 $15 34. Qc1 (34. c7 $2 Qe1+ 35. Kh2 Be5+ 36. g3 Bxc7 $19) 34... Qc7) 34. Qxf2 {The position is equal.} Qc1+ 35. Kh2 Qxc6 36. Qd4 Ke7 37. Qa7+ Kf6 38. Nc5 {Nd7+ is the strong threat.} Qd6+ 39. Kh1 Qd1+ 40. Kh2 Qd6+ 41. Kh1 Qd1+ {Accuracy: White = 68%, Black = 64%.} 1/2-1/2

[Event "14th Poti Open-A 2019"]
[Site "Poti"]
[Date "2019.07.17"]
[Round "6.7"]
[White "Melkonyan, Vardan"]
[Black "Arabidze, Meri"]
[Result "0-1"]
[WhiteElo "2232"]
[BlackElo "2402"]
[Annotator "TA"]
[PlyCount "49"]
[EventDate "2019.07.13"]
[EventType "swiss"]
[EventCountry "GEO"]
[SourceTitle "playchess.com"]
[Source "ChessBase"]
[SourceQuality "1"]

{[%evp 18,49,37,0,0,5,19,17,8,-5,4,-44,-4,-12,-7,-27,0,-59,-44,-125,-125,-123,-125,-138,-142,-292,-290,-287,-289,-285,-266,-295,-294,-1645]} 1. c4 f5 2. d4 Nf6 3. g3 g6 4. Bg2 Bg7 5. Nc3 d6 6. Nh3 c6 7. d5 O-O 8. O-O e5 9. dxe6 Bxe6 10. Qd3 Nbd7 {[%cal Bb8d7,Bd7c5,Bc5e4][%mdl 32] A86: Dutch Defence: Leningrad System: Unusual lines and 5 Nh3} 11. b3 Nc5 12. Qc2 Qe7 {The position is equal.} 13. Ng5 Bd7 14. b4 $146 ({Predecessor:} 14. Bb2 Ng4 15. Nf3 Rad8 16. Rad1 Be8 17. h3 Nf6 18. e3 h6 19. Nd4 Bf7 20. Ba3 Qc7 21. Rd2 Rfe8 22. Rfd1 Qa5 23. Qc1 Qc7 24. Qc2 Qa5 {½-½ (24) Naumkin,I (2408)-Khairullin,I (2629) Moscow 2015}) 14... Nce4 15. Ngxe4 fxe4 16. Bf4 Bf5 {White must now prevent ...e3.} 17. Rad1 (17. Qb3 $11) 17... e3 $36 {[%mdl 2048] Black has some pressure.} 18. Bxd6 (18. Qb3 $15 exf2+ 19. Rxf2) 18... Qxd6 $17 19. Qxf5 exf2+ 20. Qxf2 Qxb4 {[%mdl 64] [#] Double Attack} 21. Qf3 (21. Qe3 $17) 21... Nh5 $19 {Black has a decisive advantage.} (21... Qxc4 22. Qd3 $17) 22. Nd5 cxd5 ({Weaker is} 22... Rxf3 23. Nxb4 Rxf1+ 24. Kxf1 $11) 23. Qxd5+ Kh8 24. Rb1 Rxf1+ 25. Bxf1 $2 {Accuracy: White = 22%, Black = 70%.} (25. Rxf1 Rc8 26. Qe6 Qxc4 27. Bd5 Qc5+ 28. Kg2) 0-1

[Event "14th Poti Open-A 2019"]
[Site "Poti"]
[Date "2019.07.17"]
[Round "6.8"]
[White "Gharibyan, Mamikon"]
[Black "Lomsadze, Davit"]
[Result "1-0"]
[WhiteElo "2350"]
[BlackElo "2292"]
[Annotator "TA"]
[PlyCount "115"]
[EventDate "2019.07.13"]
[EventType "swiss"]
[EventCountry "GEO"]
[SourceTitle "playchess.com"]
[Source "ChessBase"]
[SourceQuality "1"]

{[%evp 11,115,81,102,63,95,90,94,102,117,120,114,113,118,115,136,125,143,113,131,90,127,111,138,116,138,129,155,156,215,227,243,255,262,256,341,351,378,360,340,332,359,277,374,45,160,151,129,-241,-238,-195,-189,-200,-199,-179,0,0,486,0,629,495,400,264,266,230,1179,1075,1150,1131,1184,1054,1290,1182,1450,1252,1690,1647,1671,1545,2278,2252,29967,5206,5006,5010,29979,29952,29982,29981,6531,4694,29979,29981,29981,29980,29980,29979,29941,1134,1047,1077,963,933,1061,862,827,783]} 1. d4 Nf6 2. c4 c5 3. d5 e5 4. Nc3 d6 5. e4 Be7 6. Bd3 Nbd7 7. h4 {A56: Czech Benoni} (7. Nge2 g6 8. h4 a6 9. Bg5 h6 10. Bd2 Kf8 11. f3 Kg7 12. Be3 h5 13. Qd2 Ne8 14. g3 Ndf6 15. a3 {1-0 (81) Vallejo Pons,F (2695)-Aronian,L (2765) St Petersburg 2018}) 7... h5 8. g3 a6 9. Nh3 {White is better.} g6 10. f3 Kf8 11. Be3 Kg7 12. Qd2 $146 ({Predecessor:} 12. a4 b6 13. Qd2 Nf8 14. Rb1 {1-0 (33) Kuljasevic,D (2577)-Srbis,J (2368) Split 2013}) 12... Nf8 13. a3 {[%cal Ba2a3,Ba3a4][%mdl 32]} b6 14. b4 Ne8 15. Ke2 Bd7 16. Rab1 Nc7 17. bxc5 dxc5 18. a4 Rb8 19. Nf2 a5 (19... f6 $16 20. Rb3 a5) 20. f4 $18 Bf6 21. f5 Na6 22. g4 Bxh4 23. gxh5 Rxh5 24. Ng4 Nb4 25. Rbg1 ({Don't play} 25. Nxe5 Kg8 $18) 25... f6 26. Bh6+ Kf7 {Black hopes to continue with ...Qe7.} 27. Bxf8 $2 (27. Kd1 $18) 27... Qxf8 (27... Kxf8 $14 28. fxg6 Kg7) 28. fxg6+ $16 Kg7 29. Ne3 $2 {[%mdl 8192]} (29. Nh6 $1 $16 {keeps the pressure on.}) 29... Qh8 $1 $19 {White must now prevent ...Bg5.} 30. Nf5+ Bxf5 31. exf5 Bg5 32. Qe1 e4 $2 (32... Rh2+ $19 33. Rxh2 Qxh2+ 34. Qf2 Qxf2+ {[%mdl 64] Overworked Piece} 35. Kxf2 Nxd3+ 36. Ke2 Nc1+ 37. Kf3 Rh8) 33. Bxe4 $11 {Strongly threatening Qg3.} Re8 $2 {[%mdl 8192] [#]} (33... Rh2+ $11 {and Black stays safe.} 34. Rxh2 Qxh2+ 35. Rg2 (35. Qf2 Qe5 $15) 35... Qh5+ 36. Kf1 Qh1+ 37. Ke2 Qh5+ 38. Kf1 Qh1+ 39. Rg1 Qh3+ 40. Rg2 Qh1+) 34. Kd1 $2 (34. Qg3 $1 $18 {[%cal Rg3c7][%mdl 512] White threatens Qc7+ and mate.} Re5 35. Qf3 Rh2+ 36. Kf1) 34... Re5 $2 {[%mdl 8192]} (34... Rh2 $11 35. Qg3 Qh5+ 36. Bf3 Rd2+ 37. Kc1 Rg2+ 38. Kd1 Rd2+ 39. Kc1 Rg2+ 40. Kd1 Rd2+) 35. Qg3 Qh6 36. Rxh5 Qxh5+ 37. Bf3 Qh8 $2 (37... Qh4 38. Qxh4 Bxh4) 38. Rh1 $18 Bh6 39. Be4 Na6 40. Ke2 b5 41. cxb5 Nb4 42. Kf3 Nc2 43. d6 Nd4+ 44. Kf2 Nxf5 45. Qg4 Qd8 46. Bxf5 Qxd6 47. Rd1 Bd2 48. Ne4 Qd5 49. Rxd2 Rxf5+ 50. Kg2 Qe6 51. Qh4 Kxg6 52. Qg3+ Kh6 53. Qh3+ Kg6 54. Ng3 (54. Qg4+ $142 Rg5 {[#]} 55. Qxg5+ $1 {[%mdl 512]} fxg5 56. Rd6 $1 {[%mdl 512]} Kf5 57. Rxe6 Kxe6 58. Nxc5+ Kd6 59. b6) 54... Re5 {White is clearly winning.} 55. Qxe6 Rxe6 56. Kf3 Re1 57. Ne4 c4 58. Rc2 {Accuracy: White = 64%, Black = 29%.} 1-0

[Event "14th Poti Open-A 2019"]
[Site "Poti"]
[Date "2019.07.17"]
[Round "6.9"]
[White "Gvetadze, Sofio"]
[Black "Chkhaidze, Nikoloz"]
[Result "1/2-1/2"]
[WhiteElo "2316"]
[BlackElo "2330"]
[Annotator "TA"]
[PlyCount "67"]
[EventDate "2019.07.13"]
[EventType "swiss"]
[EventCountry "GEO"]
[SourceTitle "playchess.com"]
[Source "ChessBase"]
[SourceQuality "1"]

{[%evp 9,67,0,0,0,0,0,0,0,0,0,0,-6,-8,0,0,0,0,0,0,0,0,-10,0,11,8,9,16,16,10,9,10,10,22,7,15,11,11,8,13,0,0,-49,-49,-54,-55,-424,-425,-394,-391,-396,0,0,0,0,0,0,0,0,0,0]} 1. e4 c6 2. d4 d5 3. Nc3 dxe4 4. Nxe4 Bf5 5. Nc5 e5 6. Nxb7 {B18: Classical Caro-Kann: 4...Bf5 sidelines} Qb6 7. Nc5 Bxc5 8. dxc5 Qxc5 9. c3 Nf6 10. Be3 $132 {[%mdl 2048] White is not holding back} Qe7 11. Bc4 (11. Ne2 O-O 12. Ng3 Rd8 13. Qc1 Bg6 {½-½ (54) Ivanchuk,V (2738)-Navara,D (2737) Prague 2017}) 11... Nbd7 12. Nf3 O-O 13. O-O Nb6 14. Bxb6 axb6 15. Qe2 $146 Be4 (15... Rfe8 {feels hotter.} 16. h3 Nd5 17. Rfe1 Qd6 18. Rad1 f6) 16. Rfe1 Bxf3 17. Qxf3 e4 18. Qe3 Qc7 19. Rad1 Rad8 20. h3 h6 21. Bb3 Rfe8 22. Rxd8 Rxd8 23. Bc2 Re8 24. f3 {[%cal Rf3e4]} Nd5 25. Qe2 e3 {[#] Strongly threatening ...Qg3.} 26. Be4 Qe5 27. c4 $2 {[%mdl 8192]} ({White should play} 27. Bxd5 $15 Qxd5 28. a4) 27... Nf4 $19 28. Qxe3 {[#] Bh7+! is the strong threat.} Qg5 $1 {[%csl Gf4][%cal Rg5g2][%mdl 512]} 29. g4 Nxh3+ $2 ({Better is} 29... Qh4 $19 {( -> ...Qg3+)} 30. Re2 Qg3+ 31. Kh1 Nxe2 32. Qxe2 Qxh3+ 33. Kg1 h5) 30. Kg2 $11 {The position is equal.} Nf4+ 31. Kg3 Nh5+ 32. Kg2 Nf4+ 33. Kg3 Nh5+ 34. Kg2 {Accuracy: White = 54%, Black = 72%.} 1/2-1/2

[Event "14th Poti Open-A 2019"]
[Site "Poti"]
[Date "2019.07.17"]
[Round "6.10"]
[White "Aliyev, Ravan"]
[Black "Ohanyan, Emin"]
[Result "1-0"]
[WhiteElo "2385"]
[BlackElo "1950"]
[Annotator "TA"]
[PlyCount "83"]
[EventDate "2019.07.13"]
[EventType "swiss"]
[EventCountry "GEO"]
[SourceTitle "playchess.com"]
[Source "ChessBase"]
[SourceQuality "1"]

{[%evp 14,83,41,20,21,33,33,23,35,26,68,58,70,66,117,97,108,98,109,94,117,127,200,196,203,187,176,186,249,245,245,239,260,258,258,252,318,316,358,291,358,362,346,319,378,371,507,447,484,456,529,535,600,602,589,570,581,577,576,575,529,513,915,862,881,824,816,762,972,965,968,932]} 1. d4 Nf6 2. c4 g6 3. g3 Bg7 4. Bg2 O-O 5. Nc3 d6 6. Nf3 Nc6 7. O-O a6 8. Bf4 Rb8 {E63: King's Indian: Fianchetto: Panno Variation with 7...a6} 9. Rc1 (9. c5) 9... b5 10. Nd5 bxc4 {White has an edge.} 11. Nxf6+ Bxf6 12. Rxc4 Bd7 13. b3 {[#]} e5 $146 ({Better is} 13... a5 $14) ({Predecessor:} 13... Na5 14. Rc1 c6 15. Qd2 Rb5 16. e4 {1-0 (27) Yuffa,D (2527)-Iljiushenok,I (2519) Sochi 2017}) 14. dxe5 $16 Nxe5 15. Nxe5 dxe5 16. Be3 Bb5 {[#] aiming for ...Qxd1.} 17. Rc2 a5 (17... Qxd1 $16 {was called for.} 18. Rxd1 Rfd8) 18. Qc1 $18 Qe8 19. Qa3 Qe6 20. Qxa5 {And now Ba7 would win.} c5 (20... e4 {was worth a try.} 21. Rfc1 Rfe8 22. Qxc7 Be5) 21. Bxc5 Rfc8 22. Rfc1 {Hoping for Ba7.} Be8 23. Be3 Rxc2 24. Rxc2 Rd8 {[#] ( -> ...Rd1+)} 25. Rc1 h5 26. h4 Rd6 27. Qb4 Be7 {...Rd1+! is the strong threat.} 28. Qc3 Kh7 29. a4 Ra6 30. Qc4 {White is clearly winning.} Qxc4 31. Rxc4 ({Not} 31. bxc4 Bxa4 32. Bb7 Rd6 $18) 31... Bf6 32. Bc5 Bd7 33. Bb7 Re6 34. Bd5 Ra6 35. Bxf7 Bc6 36. e4 Kg7 37. Bd5 Be8 (37... Bxd5 $142 38. exd5 Bd8) 38. Rb4 g5 39. hxg5 Bxg5 40. Rb6 Ra5 41. Bb4 Ra7 42. Rb7+ {Accuracy: White = 95%, Black = 45%.} 1-0

[Event "14th Poti Open-A 2019"]
[Site "Poti"]
[Date "2019.07.17"]
[Round "6.11"]
[White "Manafov, Vugar"]
[Black "Muradli, Mahammad"]
[Result "1/2-1/2"]
[WhiteElo "2175"]
[BlackElo "2454"]
[Annotator "TA"]
[PlyCount "88"]
[EventDate "2019.07.13"]
[EventType "swiss"]
[EventCountry "GEO"]
[SourceTitle "playchess.com"]
[Source "ChessBase"]
[SourceQuality "1"]

{[%evp 9,88,42,52,47,61,49,80,25,35,24,37,33,29,10,16,-19,-17,-18,-24,-18,22,8,9,14,0,0,0,0,4,-16,-7,-51,14,10,76,76,76,64,70,66,65,52,59,53,65,65,65,71,77,79,97,96,97,91,97,88,94,0,96,96,96,95,89,0,99,88,91,64,74,0,90,89,90,90,88,0,71,0,96,0,66]} 1. d4 d6 2. c4 g6 3. Nc3 Bg7 4. g3 Nc6 5. Nf3 Bg4 6. Bg2 {A41: 1 d4 d6: Tartakower System and Modern Defence} Qd7 (6... Qc8 7. d5 Ne5 8. Nxe5 Bxe5 9. O-O h5 10. h4 Bh3 11. Be3 Bxg2 12. Kxg2 c5 13. Qd3 Bg7 {1-0 (54) Matlakov,M (2700)-Indjic,A (2620) St Petersburg 2018}) 7. O-O Nf6 8. e4 (8. d5 $16 Na5 9. Qd3) 8... Bxf3 $146 ({Predecessor:} 8... O-O 9. Be3 Bh3 10. Bxh3 Qxh3 11. Ng5 Qd7 12. f4 h6 13. Nf3 {1-0 (34) Zara,E (1875)-Saviano,S (1693) Saint Vincent 2008}) 9. Bxf3 e5 10. dxe5 dxe5 11. Qxd7+ Nxd7 12. Nd5 O-O-O 13. Bg5 f6 14. Be3 h5 15. b4 Rhe8 16. Rad1 Nd4 17. Bxd4 exd4 18. Bg2 Ne5 19. Nf4 ({Much worse is} 19. Rxd4 c6 $17) 19... Bh6 20. Nd5 Bg7 (20... c6 $1 $15 21. Nxf6 Rh8) 21. b5 $11 ({Of course not} 21. Rxd4 c6 $17) 21... d3 {[#]} (21... f5 $11) 22. f4 $1 $16 {[%cal Rf4e5]} Nxc4 {aiming for ...d2.} 23. Rxd3 {And now Rc1 would win.} Nb6 24. Nxb6+ axb6 25. Rfd1 {Strongly threatening Bh3+.} Rxd3 26. Rxd3 $14 {[%mdl 4096] Endgame KRB-KRB} Bf8 27. Bh3+ $1 Kb8 $1 28. Kf2 Bd6 29. Kf3 Re7 30. Rd5 Ka7 31. a4 Ka8 32. Rd1 Kb8 33. Rd5 ({White should try} 33. Rd3 $16) 33... Re8 (33... Ka8 $1 $11) 34. Rd3 $16 Ka7 35. Bd7 Re7 {[#]} 36. Bh3 (36. Bc8 $1 $16) 36... Rh7 (36... Re8 $1 $11) 37. Rd5 Rf7 38. Be6 Re7 39. Bh3 (39. f5 $16) 39... Kb8 (39... Rf7 $11 {remains equal.}) 40. Rd1 Rg7 41. Be6 Re7 42. Bh3 Rg7 $1 43. Be6 Re7 44. Bh3 Rg7 $1 {Accuracy: White = 58%, Black = 55%.} 1/2-1/2

[Event "14th Poti Open-A 2019"]
[Site "Poti"]
[Date "2019.07.17"]
[Round "6.12"]
[White "Matevosyan, Sedrak"]
[Black "Manukyan, Sargis V."]
[Result "1-0"]
[WhiteElo "2185"]
[BlackElo "2282"]
[Annotator "TA"]
[PlyCount "91"]
[EventDate "2019.07.13"]
[EventType "swiss"]
[EventCountry "GEO"]
[SourceTitle "playchess.com"]
[Source "ChessBase"]
[SourceQuality "1"]

{[%evp 14,91,36,39,46,45,35,47,79,49,66,22,65,24,29,0,42,-82,-82,-123,-120,-129,-121,-126,-126,-129,-129,-118,-61,-76,-62,-62,-60,-83,-62,-62,-62,-62,0,0,0,0,0,0,0,-89,-95,-173,-183,-189,0,0,0,0,0,0,0,0,0,0,0,0,0,-8,-8,-8,-8,-8,0,0,0,0,0,0,0,0,131,145,138,153]} 1. Nf3 c5 2. c4 Nc6 3. Nc3 g6 4. e3 d6 5. d4 Bg4 6. Be2 Bg7 7. d5 Bxf3 8. Bxf3 Bxc3+ {A35: Symmetrical English: 2 Nc3 Nc6 3 Nf3} 9. bxc3 Ne5 {[%cal Bc6e5,Be5d7,Bd7b6][%mdl 32]} 10. Be2 Qa5 {White is slightly better.} (10... f5 11. Rb1 Qc7 12. Qa4+ Kf8 13. f4 Nf7 14. Bf3 Nf6 15. O-O Kg7 16. Bd2 {1-0 (54) Zhou,J (2597)-Wen,Y (2605) Sanya 2017}) 11. O-O f5 12. Qb3 O-O-O $146 ({Predecessor:} 12... Nf6 13. f3 O-O 14. a4 a6 15. Bd2 Rab8 16. Rfb1 {1-0 (40) Shamkovich,L-Gusev,Y Moscow 1963}) 13. f4 Nd7 14. Rb1 {[%csl Gb1][%cal Rb3b7,Ba1b1,Bb1b2,Bb2g2][%mdl 32]} Nb6 15. g4 (15. e4 $1 $14 {stays ahead.}) 15... Nf6 $17 16. g5 Ne4 17. Bd3 h6 (17... Qxc3 18. Bxe4 Qxb3 19. Bxf5+ $1 {[%mdl 512]} (19. axb3 fxe4 20. Ra1 a6 $11) 19... gxf5 20. axb3 $14) (17... Nxc3 $6 18. Rb2 $11) 18. gxh6 Rxh6 19. Rb2 Rdh8 (19... Qxc3 20. Bxe4 Qxb3 21. axb3 $15) 20. Rg2 Nf6 ({Reject} 20... Qxc3 $6 21. Bxe4 Qxb3 22. Bxf5+ (22. axb3 fxe4 23. Rff2 Kc7 $15) 22... gxf5 23. axb3 $11) (20... Nd7 $17 21. Bxe4 fxe4) 21. Rf3 $15 Ng4 {[%cal Rh6h2]} 22. Rfg3 $1 Kc7 23. e4 ({Much worse is} 23. Be2 Rxh2 24. Rxh2 Rxh2 $17) 23... Nxh2 $40 {[%mdl 128] aiming for ...Ng4. Black is up to no good.} 24. exf5 gxf5 25. Bxf5 Nf3+ ({Better is} 25... Ng4 $1 $15 26. Bxg4 Rh1+ 27. Kf2 Rxc1) 26. Rxf3 $11 {Threatens to win with Kf1.} Rh1+ 27. Kf2 Rxc1 28. Re3 Kd8 29. Qb2 (29. Rg7 $1 $11 Rh2+ 30. Kf3 Rf1+ 31. Ke4) 29... Rch1 $17 30. Qe2 (30. Reg3 $17 Re8 31. Bd3) 30... Qa3 $19 31. Reg3 {White wants to mate with Rg8+.} R1h2 $2 (31... Re8 $19 {...Qc1 is the strong threat.} 32. Rg8 Rh8 33. Rxe8+ Rxe8) 32. Rg7 $11 {[%csl Gg7][%cal Re2e7]} Rxg2+ 33. Kxg2 {[%csl Gg7][%cal Re2e7]} Re8 34. Bg6 Qxc3 35. Rh7 Qxc4 36. Qxc4 Nxc4 37. Bxe8 Kxe8 {[%mdl 4096] Endgame KR-KN} 38. Kf3 b5 39. Ke4 Nb6 40. Rh8+ Kd7 41. f5 Na4 42. f6 exf6 {White should prevent ...Nc3+.} 43. Rh7+ Kc8 44. Kf5 {Strongly threatening Ke6.} Nb2 {[#]} (44... Nc3 $11 {keeps the balance.}) 45. Ke6 $1 $16 {[%cal Re6d6][%mdl 1024] White has strong compensation.} ({Don't play} 45. Rxa7 $6 c4 $11) (45. Kxf6 $6 a5 $11) 45... Nc4 46. Rxa7 {Accuracy: White = 68%, Black = 58%.} 1-0

[Event "14th Poti Open-A 2019"]
[Site "Poti"]
[Date "2019.07.17"]
[Round "6.13"]
[White "Botoyan, Smbat"]
[Black "Yeremyan, Alen"]
[Result "1-0"]
[WhiteElo "2240"]
[BlackElo "2148"]
[Annotator "TA"]
[PlyCount "59"]
[EventDate "2019.07.13"]
[EventType "swiss"]
[EventCountry "GEO"]
[SourceTitle "playchess.com"]
[Source "ChessBase"]
[SourceQuality "1"]

{[%evp 18,71,13,11,13,0,31,40,40,41,44,39,56,53,61,53,76,52,60,32,79,78,72,46,92,85,104,87,96,90,148,146,350,260,521,520,539,568,554,561,559,559,554,550,535,509,820,818,760,731,954,952,943,938,921,864]} 1. e4 Nf6 2. e5 Nd5 3. c4 Nb6 4. c5 Nd5 5. Nc3 e6 6. Nxd5 exd5 7. d4 d6 8. cxd6 cxd6 9. Nf3 Nc6 10. Bd3 dxe5 {B02: Alekhine's Defence: Chase Variation and lines with early Nc3} (10... Bg4 11. O-O dxe5 12. dxe5 Be7 13. Re1 O-O 14. h3 Bh5 15. Bf4 Qb6 16. g4 Bg6 17. Bxg6 hxg6 18. Qxd5 {½-½ (38) Gonzalez Acosta,B (2497)-Martinez Romero,M (2402) Bilbao 2015}) 11. dxe5 Be7 12. O-O Be6 {White is slightly better.} 13. Bf4 $146 ({Predecessor:} 13. a3 O-O 14. Qa4 a6 15. Bb1 Rc8 16. h3 Na5 17. Bd2 Nc4 18. Bc3 Qd7 {1-0 (32) Mercant Simon,J (2083)-Baatz,K (1817) Calvia 2011}) 13... Rc8 14. Qe2 g5 15. Be3 d4 16. Bc1 a6 17. Rd1 g4 18. Nd2 Nb4 19. Ne4 h5 20. Bf4 Nd5 21. Nd6+ Bxd6 22. exd6 {And now Qe4 would win.} Nxf4 23. Qe5 $1 {[%csl LRd4,LRf4,LRh8][%mdl 64] [#] Double Attack} Nh3+ (23... Rh6 $142 24. Qxf4 Qf6) 24. gxh3 $16 Rg8 $2 (24... Rh6 $16) 25. h4 Kd7 $2 {[#]} (25... Rc6 {might work better.} 26. Bh7 (26. Qxd4 Rxd6 27. Qc3 f5 $14) (26. Qxh5 Qxd6 27. Be4 Rc5 $11) 26... Qxd6 27. Qxd6 Rxd6) 26. Bb5+ $1 $18 {[%mdl 512] White is clearly winning.} axb5 27. Qxb5+ {[%mdl 64] Double Attack} Kxd6 28. Rxd4+ Ke7 29. Rxd8 Rgxd8 30. Qxb7+ {Played: Ra1-e1} 1-0

[Event "14th Poti Open-A 2019"]
[Site "Poti"]
[Date "2019.07.17"]
[Round "6.14"]
[White "Dolzhykova, Kateryna"]
[Black "Nikoladze, Sopio"]
[Result "0-1"]
[WhiteElo "2228"]
[BlackElo "2124"]
[Annotator "TA"]
[PlyCount "68"]
[EventDate "2019.07.13"]
[EventType "swiss"]
[EventCountry "GEO"]
[SourceTitle "playchess.com"]
[Source "ChessBase"]
[SourceQuality "1"]

{[%evp 11,102,65,57,20,15,10,12,6,18,0,14,0,129,132,135,133,136,133,142,125,125,135,122,0,0,-40,-56,-113,-99,-181,-178,-191,-164,-191,-181,-173,-169,-141,-129,-123,-143,-154,-167,-156,-159,-152,-133,-125,-135,-279,-292,-618,-610,-609,-589,-708,-656,-697,-686,-650,-618,-1120,-1120,-693,-686,-29958,-29959,-29958,-29957,-29944,-29948,-29967,-29967,-29967,-29968,-29969,-29970,-29970,-29971,-29970,-29971,-29973,-29965,-12467,-277,-277,-277,-29976,-29977,-29977,-29978,-29986,-29987]} 1. e4 e6 2. d4 b6 3. Bd3 Bb7 4. Nf3 Nf6 5. Qe2 d5 6. e5 Nfd7 7. h4 {B00: Queen's Fianchetto Defence, Nimzowitsch Defence} c5 8. c3 Nc6 9. Na3 $146 {The position is equal.} ({Predecessor:} 9. Bg5 Be7 10. Na3 a6 11. Rc1 b5 12. O-O h6 13. Bxe7 Qxe7 14. h5 O-O {0-1 (54) Motylev,A (2697)-Chernyshov,K (2556) Moscow 2010}) 9... a6 10. Rh3 b5 11. Ng5 Be7 (11... cxd4 $11 {keeps the balance.} 12. Nxe6 {[%mdl 64] Double Attack} Qa5 13. Nxf8 Kxf8) 12. Nxe6 $1 $16 fxe6 13. Qh5+ {[%mdl 64] Double Attack} Kf8 14. Rf3+ Nf6 15. exf6 Bxf6 16. Bg5 ({But not} 16. dxc5 Qe8 $14) 16... cxd4 {Strongly threatening ...Ne5.} 17. cxd4 (17. Bxf6 $16 gxf6 18. cxd4) 17... Nxd4 $11 18. Rxf6+ gxf6 19. Bh6+ ({White should try} 19. Be3 $15 Nc6 20. Bc5+ Ne7 21. Nc2) 19... Ke7 $17 20. Qg4 (20. Be3 $17 Nc6 21. Bc5+ Kd7 22. Qf7+ Ne7 23. Nxb5) 20... Nc6 $1 $19 {Hoping for ...Rg8.} 21. Qg7+ Kd6 22. Qxb7 {And now Bxb5! would win.} Ra7 $1 {[%cal Ra7b7]} 23. Nxb5+ axb5 24. Qxb5 Qa5+ 25. Qxa5 Rxa5 26. Bg7 Rg8 27. Bxf6 Rxg2 {...Rg1+ is the strong threat.} 28. Kf1 Rg4 29. Bxh7 e5 30. Bg5 (30. Bc2 $17) 30... Nd4 31. b4 $2 {[#]} (31. Rd1) 31... Ra3 $1 {[%mdl 512]} 32. Rd1 Rxa2 {( -> ...Nf3!)} 33. f4 Nf3 {[%csl Gf3][%cal Rg4g1]} 34. fxe5+ {[#]} Kc6 {Played: Kd6-c7} 0-1